| 000 | 00871nam a22002897a 4500 | ||
|---|---|---|---|
| 001 | 0014685 | ||
| 003 | KOHA_MİRAKIL | ||
| 005 | 20260207002004.0 | ||
| 007 | ta | ||
| 008 | 100308b1979 tu |||grd|||#0|||0|eng | | ||
| 040 |
_aTR-BiSEU _btur _cTR-BiSEU _erda |
||
| 041 | 0 | _aeng | |
| 044 | _ctu | ||
| 050 |
_aHB61 _b.O93 1979 |
||
| 100 | 1 | _aÖzbalkan, Nuri. | |
| 245 | 1 |
_aTekno-ekonomik terimler sözlüğü/ _cNuri Özbalkan ; Nuri Özbalkan. |
|
| 246 | _aUluslararası ticarette kullanılan terimlerin Türkçe-İngilizce-Fransızca-Almanca | ||
| 264 | 1 |
_aİstanbul : _bÖzbalkan Yayınları _c1979 |
|
| 300 | _a990 sayfa; 24 cm. | ||
| 336 |
_ametin _btxt _2rdacontent |
||
| 337 |
_aaracısız _bn _2rdamedia |
||
| 338 |
_acilt _bnc _2rdacarrier |
||
| 500 | _aDizin var. | ||
| 650 | 0 |
_aEkonomi--Sözlükler. _93453 |
|
| 907 | _aSözlük | ||
| 942 |
_2lcc _cBK |
||
| 999 |
_c14648 _d14648 |
||